00323nam a2200109 a 45000010005000000030005000050050017000100080041000270400020000682450089000882600036001775184CDMR20130916115654.0130130s1980||||||||||||||||||||||||||||d aCDMRbcatcCDMR04aLos quince mil verbos españolesb: su gramática, clasificación y conjugación aBarcelonac1980bRamón Sopena